Géographie par image - V - Statistiques

Statistiques générales
  • Ce quiz a été pris 595 fois
    593 depuis la dernière actualisation
  • Le résultat moyen est 9 sur 18
Statistiques - réponses
Par images Hint Réponse % Correct
(département français) Var
91%
(Ville-Etat) Vatican
91%
(Capitale) Vienne
89%
(Volcan) Vésuve
82%
(Formation géologique) Volcan
77%
(Pays) Vanuatu
72%
(Pays) Venezuela
70%
(Capitale) Varsovie
66%
(Culture) Viticulture
54%
(Fleuve) Volga
42%
(Formation géomorphologique) Vallée
37%
(Phénomène météorologique) Vent
37%
(Ville) Vancouver
35%
(Religion) Vaudou
28%
(Organisation politique) Viet cong
26%
(Massif montangeux) Vercors
10%
(Ville) Vladivostok
6%
(étendue du littoral) Vasière
1%
Aucun quiz correspondant
Distribution des résultats
% des personnes avec chaque résultat
Percentile par nombre de réponses
Votre historique - résultats
Vous n’avez pas pris ce quiz depuis la dernière actualisation